Carregant...
An introduction to cataloguing practice/
| Autor principal: | |
|---|---|
| Format: | Printed Book |
| Publicat: |
New Delhi:
Vikas,
1998.
|
| Edició: | 3rd |
| Matèries: |
| LEADER | 00554nam a22001691a 4500 | ||
|---|---|---|---|
| 020 | |a 9780706984613 | ||
| 082 | |a 025.3 |b KRI/I | ||
| 100 | |a Krishan Kumar |9 79639 | ||
| 245 | |a An introduction to cataloguing practice/ |c by Krishan Kumar | ||
| 250 | |a 3rd | ||
| 260 | |a New Delhi: |b Vikas, |c 1998. | ||
| 300 | |a 298p. | ||
| 650 | |a Cataloguing |9 79640 | ||
| 650 | |a Library Science |9 79641 | ||
| 942 | |c REF | ||
| 999 | |c 20649 |d 20649 | ||
| 952 | |0 0 |1 0 |4 0 |6 R_025_300000000000000_N98 |7 0 |9 28968 |a SSUS |b SSUS |d 2015-01-08 |g 85.00 |o R 025.3 N98 |p 003601 |r 2015-01-08 |v 0.00 |w 2015-01-08 |y REF | ||